Beliebteste Städte pro Bundesland in Deutschland - Statistiken

Allgemein
  • Dieses Quiz wurde 573 mal gespielt
    502 seit der letzten Aktualisierung
  • Das Durchschnittsergebnis liegt bei 14 aus 16
Antwortstatistiken
Bundesland Stadt Übernachtungen % Korrekt
Berlin Berlin 22,4 Millionen
99%
Hamburg Hamburg 9,5 Millionen
99%
Bayern München 11,7 Millionen
99%
Bremen Bremen 320.000
98%
Baden-Württemberg Stuttgart 1,6 Millionen
98%
Nordrhein-Westfalen Köln 5 Millionen
96%
Sachsen Dresden 3,8 Millionen
93%
Hessen Frankfurt am Main 6,4 Millionen
93%
Saarland Saarbrücken 860.000
93%
Niedersachsen Hannover 2,1 Millionen
92%
Brandenburg Potsdam 395.000
90%
Rheinland-Pfalz Mainz 1 Millionen
89%
Thüringen Erfurt 900.000
85%
Mecklenburg-Vorpommern Rostock 2,2 Millionen
82%
Schleswig-Holstein Sylt 4,8 Millionen
31%
Sachsen-Anhalt Wittenberg 600.000
16%
Keine übereinstimmenden Quizze gefunden
Verteilung der Resultate
Anzahl Personen mit jedem Resultat
Perzentil nach korrekt beantworteten Fragen
Ihre Resultats-Entwicklung
Sie haben dieses Quiz seit der letzten Aktualisierung nicht gespielt